Armonizacin̤ europea de las prc̀ticas comerciales desleales nuevas medidas para equilibrar la negociacin̤ en la cadena alimentaria /

Detalles Bibliográficos
Autor principal: Cazorla Gonzl̀ez, Mara̕ Još
Formato: eBook
Lenguaje:español
Publicado: Madrid: Dykinson, 2020
Materias:
Acceso en línea:Acceso restringido

MARC

LEADER 00000nam a22000007a 4500
005 20210203231754.0
007 cr|||| ||||
008 210203s2020 es |||||s|||| 00||0 spa d
020 |a 978-84-1377-236-3 
035 |a 32961 
040 |a vLex 
090 |c 11081  |d 11081 
100 1 |a Cazorla Gonzl̀ez, Mara̕ Još 
245 1 0 |a Armonizacin̤ europea de las prc̀ticas comerciales desleales  |h [Recurso electrn̤ico] :  |b nuevas medidas para equilibrar la negociacin̤ en la cadena alimentaria /  |c Mara̕ Jos ̌Cazorla Gonzl̀ez 
256 |a Servicio en ln̕ea 
260 |a Madrid:  |b Dykinson,  |c 2020 
300 |a 1 recurso electrn̤ico 
500 |a El sector agroalimentario, es un sector fundamental para la economa̕ de la UE, que viene sufriendo grandes desequilibrios en las relaciones comerciales principalmente entre el productor y el distribuidor agroalimentario, debido a la falta de capacidad negociadora del primero con relacin̤ al segundo. Las prc̀ticas comerciales se consideran desleales cuando se desva̕n de una buena conducta comercial y son contrarias a los principios de buena fe y comercio justo. Desde la UE, gran defensora de la agricultura desde su constitucin̤ ha tratado de restablecer ese equilibrio en la cadena alimentaria con la aprobacin̤ de diversas normas. Actualmente, y en plena situacin̤ de pandemia, nuestros productores no nos han abandonado, y han mostrado la fortaleza de un sector vulnerable en la comercializacin̤, pero fuerte en la adversidad. Un sector que sabe lo que es abandonar sus legt̕imas demandas cuando lleg ̤el COVID y, volver al trabajo para que no falten alimentos en nuestra mesa, profesionales que son referencia y ejemplo para todos… 
506 1 |a Disponible solo en los productos indicados  |d vLex Global  |d vLex Global (Academic Edition, excluding Law Schools)  |d vLex Global (U.S. Academic Edition, Law Schools)  |d vLex Global (U.S. Academic Edition, excluding Law Schools)  |d vLex Global (Academic Edition, Law Schools) 
650 0 4 |a Derecho Internacional  |z Espaą 
740 0 |a vLex Libros (Servicio en ln̕ea) 
856 4 0 |u http://vlex.com/source/armonizacion-europea-de-las-practicas-comerciales-desleales-nuevas-medidas-para-equilibrar-la-negociacion-en-la-cadena-alimentaria-32961  |z Acceso restringido 
942 |c BOOK 
999 0 |a International right